Me and my puppy / (Record no. 111635)
[ view plain ]
| 000 -LEADER | |
|---|---|
| fixed length control field | 00621nam a2200205 a 4500 |
| 001 - CONTROL NUMBER | |
| control field | 3868 |
| 005 - DATE AND TIME OF LATEST TRANSACTION | |
| control field | 20140414131919.0 |
| 008 - FIXED-LENGTH DATA ELEMENTS--GENERAL INFORMATION | |
| fixed length control field | 040603s19uu xx 00 eng d |
| 020 ## - INTERNATIONAL STANDARD BOOK NUMBER | |
| International Standard Book Number | 1-878624-41-5 |
| 050 ## - LIBRARY OF CONGRESS CALL NUMBER | |
| Classification number | ER |
| Item number | M46 1992 |
| 100 ## - MAIN ENTRY--PERSONAL NAME | |
| Personal name | Diffender, Terri |
| 245 ## - TITLE STATEMENT | |
| Title | Me and my puppy / |
| Statement of responsibility, etc | by Terri Diffender ; pictures by Paul Frame. |
| 260 ## - PUBLICATION, DISTRIBUTION, ETC. (IMPRINT) | |
| Place of publication, distribution, etc | New York : |
| Name of publisher, distributor, etc | McClanahan Book, |
| Date of publication, distribution, etc | 1992. |
| 300 ## - PHYSICAL DESCRIPTION | |
| Extent | 1 v. (unp.) : ill. ; cm. |
| 440 ## - SERIES STATEMENT/ADDED ENTRY--TITLE | |
| Title | Storytime Books |
| 520 ## - SUMMARY, ETC. | |
| Summary, etc | Every time Mommy and I went into town we passed the pet shop. |
| 650 ## - SUBJECT ADDED ENTRY--TOPICAL TERM | |
| Topical term or geographic name as entry element | Puppies |
| General subdivision | Fiction. |
| 650 ## - SUBJECT ADDED ENTRY--TOPICAL TERM | |
| Topical term or geographic name as entry element | Children stories. |
| Withdrawn status | Lost status | Damaged status | Use restrictions | Home library | Current library | Shelving location | Date acquired | Source of acquisition | Total Checkouts | Full call number | Barcode | Date last seen | Price effective from | Koha item type |
|---|---|---|---|---|---|---|---|---|---|---|---|---|---|---|
| Munich Library | Munich Library | Easy Reading Section | 06/03/2004 | ER M46 1992 | M2464 | 04/14/2014 | 04/14/2014 | Books |